Thơ mới 1932-1945 : Tác giả và tác phẩm

Sơ lược về tiểu sử và các tác phẩm thơ tiêu biểu cho phong trào thơ mới

সংরক্ষণ করুন:
গ্রন্থ-পঞ্জীর বিবরন
অন্যান্য লেখক: Thế Lữ...
বিন্যাস: গ্রন্থ
ভাষা:Vietnamese
প্রকাশিত: H. Hội nhà văn 1999
বিষয়গুলি:
ট্যাগগুলো: ট্যাগ যুক্ত করুন
কোনো ট্যাগ নেই, প্রথমজন হিসাবে ট্যাগ করুন!
Thư viện lưu trữ: Mạng thư viện Đại học Đà Nẵng
LEADER 01235nam a2200361 4500
001 000005619
003 1765
005 20120515080544.0
008 110818s1999 viesd
020 |c 130000đ 
041 0 |a vie 
082 |a 895.9221  |b THO 
245 0 |a Thơ mới 1932-1945 : Tác giả và tác phẩm  |c Thế Lữ, Lưu Trọng Lư, Hàn Mạc Tử.. 
260 |a H.  |b Hội nhà văn  |c 1999 
300 |a 1441 tr  |c 19 cm 
520 |a Sơ lược về tiểu sử và các tác phẩm thơ tiêu biểu cho phong trào thơ mới 
653 |a Văn học hiện đại 
653 |a Việt Nam 
653 |a Thơ mới 
653 |a Tác phẩm 
653 |a Tác giả 
700 |a Thế Lữ... 
910 |a Nguyễn Thị Kim Oanh  |d 18/08/2011 
OWN |a LSP 
AVA |a UDN50  |b LSP  |d 895.9221 THO  |e available  |t Error 5001 Not defined in file expand_doc_bib_avail.  |f 5  |g 0  |h N  |i 0  |k 1 
999 |a From the UDN01 
AVA |a UDN50  |b LSP  |d 895.9221 THO  |e available  |t Error 5001 Not defined in file expand_doc_bib_avail.  |f 5  |g 0  |h N  |i 0  |k 1 
TYP |a Monograph 
TYP |a Printed language 
980 |a Mạng thư viện Đại học Đà Nẵng